Szczegóły MARC21

Prawo przewozowe : komentarz /

003 -Nazwa inst., której nr kontr. jest w polu 001 [,]
    • @
    • Nazwa instytucji, której n kontrolny jest w polu 001
    • NUKAT
005 -DATA I CZAS OSTATNIEJ MODYFIKACJI [,]
    • @
    • pole kontrolne
    • 20241231115229.0
020 -Międzynarod. znormalizowany nr książki - ISBN [ , ]
    • a
    • Numer ISBN
    • 8321904629 Find
040 -Instytucja sporządzająca opis [ , ]
    • a
    • Instytucja, która sporządziła opis (NP)
    • KR 93/KT
    • c
    • Instytucja, która sporządziła rekord (NP)
    • KR 93/KT
    • d
    • Instytucja, która zmodyfikowała rekord (P)
    • KR 93/MN
    • d
    • Instytucja, która zmodyfikowała rekord (P)
    • KR 93/LChs
    • d
    • Instytucja, która zmodyfikowała rekord (P)
    • KR U/MWs
942 -Rodzaj dokumentu [ , ]
    • c
    • Rodzaj dokumentu
    • Książka
100 -Hasło główne - nazwa osobowa [1, ]
    • a
    • Nazwa osobowa (NP)
    • Górski, Władysław
    • d
    • Daty biograficzne (NP)
    • (1917-2015).
    • 9
    • KHW
    • 38282
245 -Strefa tytułu i oznaczenia odpowiedzialności [1,0]
    • a
    • Tytuł
    • Prawo przewozowe : Find
    • b
    • Ciąg dalszy tytułu (NP)
    • komentarz / Find
    • c
    • Pozostałe elementy strefy tytułu i oznaczenia odpowiedzialności (NP)
    • Władysław Górski, Adam Żabski.
250 -Strefa wydania [ , ]
    • a
    • Oznaczenie wydania (NP)
    • Stan prawny na dzień 30 czerwca 1989 r.
260 -Strefa adresu wydawniczego [ , ]
    • a
    • Miejsce wydania (P)
    • Warszawa :
    • b
    • Nazwa wydawcy (P)
    • Wydaw. Prawnicze,
    • c
    • Data wydania (P)
    • 1990.
300 -Strefa opisu fizycznego [ , ]
    • a
    • Określenie formy książki i/lub objętość (NP)
    • 371 s. ;
    • c
    • Format (NP)
    • 21 cm.
336 -Typ zawartości [ , ]
    • a
    • Termin opisujący typ zawartości
    • Tekst
    • b
    • Kod określający zawartość
    • txt
    • 2
    • Źródło (terminu i kodu)
    • rdacontent
337 -Typ mediów [ , ]
    • a
    • Tryb odtwarzania
    • Bez urządzenia pośredniczącego
    • b
    • Kod typu mediów
    • n
    • 2
    • Źródło (terminu i kodu)
    • rdamedia
338 -Typ/rodzaj nośnika [ , ]
    • a
    • Hasło opisujące typ nośnika
    • Wolumin
    • b
    • Kod typu nośnika
    • nc
    • 2
    • Źródło (terminu i kodu)
    • rdacarrier
504 -Uwaga dot. bibliogr. załącznikowej [ , ]
    • a
    • Uwaga dot. bibliografii załącznikowej
    • Bibliogr. s. 365-367.
080 -Uniwersalna Klasyfikacja Dziesiętna [ , ]
    • a
    • Symbol klasyfikacji
    • 347.763
    • 9
    • UKD
    • 64224
    • 2
    • Identyfikator wydania tablic
    • FID 607
    • b
    • Dopowiedzenie
    • Umowy dotyczące transportu, przewozów, komunikacji.
650 -Hasło przedmiotowe [ ,7]
    • a
    • Hasło przedmiotowe
    • Transport
    • x
    • Określnik rzeczowy
    • prawo
    • x
    • Określnik rzeczowy
    • interpretacja
    • z
    • Określnik geograficzny
    • Polska
    • y
    • Określnik chronologiczny
    • 1945-1990.
    • 2
    • Źródło terminu
    • kaba
    • 9
    • KHW
    • 385646
980 -Symbol UKD [ , ]
    • a
    • UKD
    • 347.763
700 -Hasło dodatkowe - nazwa osobowa [1, ]
    • a
    • Nazwa osobowa (NP)
    • Żabski, Adam Find
    • d
    • Daty biograficzne (NP)
    • ( -1999).
    • 9
    • KHW
    • 61000
710 -Hasło dodatkowe - nazwa ciała zbiorowego [2, ]
    • a
    • Nazwa ciała zbiorowego lub nazwa geograficzna jako pierwszy element (NP)
    • Wydawnictwo Prawnicze.
    • 4
    • Kod relacji
    • pbl
    • 9
    • KHW
    • 57397
856 -Dostęp do wersji elektronicznej [4,1]
    • 3
    • Wyszczególnienie materiału
    • Spis treści
920 -ISBN [ , ]
    • a
    • ISBN
    • 83-219-0462-9 Find
Lokalizacja Data inwentaryzacji Status udost. Uwagi nie widoczne w OPAC Sygnatura Numer inwentarzowy
BE1999-02-03-2  E.59196
BE1999-02-032  S.73302
BE1999-02-032  S.73303
BE1999-02-032  S.73304
BE1999-02-032  S.73305
BE1999-02-032  S.73306
BE1999-02-03-3  S.73307
BG1999-02-03-3 W.169174W.169174
BG1999-02-03-3 W.169174W.169175
BG1999-02-032 W.169174W.170281
BG1999-02-032 W.169174W.170282
BG1999-02-032 W.169174W.170283
BG1999-02-032 W.169174W.170288
BG1999-02-031 Z.78200Z.78200
BG1999-02-03-3 W.169174W.170284
BG1999-02-03-3 W.169174W.170285
BG1999-02-03-3 W.169174W.170286
BG 2przepisanyW.169174W.170287
BM1999-02-031  M.1458
BSA1999-02-031 SA.4208SA.4208
BSA1999-02-03-6 SA.4209SA.4209
T1999-02-03-3  TS.69451
T1999-02-03-3 TS.69452TS.69452
T1999-02-03-3  TS.69453
T1999-02-03-3  TS.69454
T1999-02-03-3  TS.69455
T1999-02-03-3  TS.69456
T1999-02-03-3  TS.69457
T1999-02-03-3  TS.69458